<?xml version="1.0" encoding="UTF-8"?><?xml-stylesheet type="text/xsl" href="static/style.xsl"?><OAI-PMH xmlns="http://www.openarchives.org/OAI/2.0/" xmlns:xsi="http://www.w3.org/2001/XMLSchema-instance" xsi:schemaLocation="http://www.openarchives.org/OAI/2.0/ http://www.openarchives.org/OAI/2.0/OAI-PMH.xsd"><responseDate>2026-06-03T23:29:53Z</responseDate><request verb="GetRecord" identifier="oai:riuma.uma.es:10630/18694" metadataPrefix="marc">https://riuma.uma.es/rest/oai/request</request><GetRecord><record><header><identifier>oai:riuma.uma.es:10630/18694</identifier><datestamp>2026-02-03T12:32:00Z</datestamp><setSpec>com_10630_2254</setSpec><setSpec>col_10630_37959</setSpec></header><metadata><record xmlns="http://www.loc.gov/MARC21/slim" xmlns:dcterms="http://purl.org/dc/terms/" xmlns:doc="http://www.lyncode.com/xoai" xmlns:xsi="http://www.w3.org/2001/XMLSchema-instance" xsi:schemaLocation="http://www.loc.gov/MARC21/slim http://www.loc.gov/standards/marcxml/schema/MARC21slim.xsd">
   <leader>00925njm 22002777a 4500</leader>
   <datafield ind2=" " ind1=" " tag="042">
      <subfield code="a">dc</subfield>
   </datafield>
   <datafield ind2=" " ind1=" " tag="720">
      <subfield code="a">Sánchez-Hernández, María Carmen</subfield>
      <subfield code="e">author</subfield>
   </datafield>
   <datafield ind2=" " ind1=" " tag="260">
      <subfield code="c">2019-11-04</subfield>
   </datafield>
   <datafield ind2=" " ind1=" " tag="520">
      <subfield code="a">La gestión de conflictos al margen del proceso judicial se abre camino con muchas dificultades. El objetivo es común, pues se pretende convocar a la ciudadanía fortaleciendo espacios colaborativos ante el diseño de proyectos de vida que permitan mejorar las relaciones humanas y armonicen los intereses. En este escenario emergen y se consolidan diferentes mecanismos entre los que se encuentra la mediación, para la que resulta ser fundamental el desarrollo de una cultura que admita el recurso a la misma, vinculada a los principios más modernos de participación democrática, comprometiendo el concepto de ciudadanía, el derecho de los distintos movimientos sociales y los derechos humanos fundamentales. Se pretende llevar a cabo un análisis de aquellas áreas donde los problemas de género se ponen de manifiesto en el proceso de mediación destinado a la reorganización de la nueva estructura familiar producida la ruptura de la pareja, pudiendo erigirse en el mecanismo que permita evidenciar unas desigualdades menos evidentes y más sutiles, sacando a la luz un falso cambio en la organización tradicional de género.</subfield>
   </datafield>
   <datafield ind1="8" ind2=" " tag="024">
      <subfield code="a">https://hdl.handle.net/10630/18694</subfield>
   </datafield>
   <datafield tag="653" ind2=" " ind1=" ">
      <subfield code="a">Mediación familiar</subfield>
   </datafield>
   <datafield tag="653" ind2=" " ind1=" ">
      <subfield code="a">Diferencias sexuales</subfield>
   </datafield>
   <datafield tag="653" ind2=" " ind1=" ">
      <subfield code="a">Mujeres - Situación social</subfield>
   </datafield>
   <datafield ind2="0" ind1="0" tag="245">
      <subfield code="a">El género presente en los procesos de mediación familiar</subfield>
   </datafield>
</record>
</metadata></record></GetRecord></OAI-PMH>